Normal view
MARC view
- Anaya, Héctor,
Entry Nombre Personal
001 - NUMERO DE CONTROL
- campo de control: 43466
003 - IDENTIFICADOR DE NUMERO DE CONTROL
- campo de control: UPN
005 - FECHA Y HORA DE LA ÜLTIMA TRANSACCIÓN
- campo de control: 20211026181734.0
008 - DATOS DE LONGITUD FIJA
- campo de control de longitud fija: 211026|g aca||aabn | aaa d
040 ## - FUENTE DE CATALOGACIÓN
- Agencia original de catalogación: UPN
053 #4 - NÚMERO DE CLASIFICACIÓN LC
- Número de clasificación elemento-número único o número inicial de tramo: PQ7298.1 N2.9
100 1# - ENCABEZAMIENTO - NOMBRE PERSONAL
- Nombre personal: Anaya, Héctor,
- Fechas asociadas con el nombre: 1941-
670 ## - FUENTE EN LA QUE SE LOCALIZARON DATOS
- Cita de la fuente: LC/P
680 ## - NOTA PUBLICA DE ACCESO PÚBLICO
- Frase explicativa de la referencia: Dramaturgo, narrador, ensayista, periodista, docente y editor mexicano
902 ## - CATALOGADOR
- Catalogador: CAA/261021
